000 00864nam a2200253Ia 4500
003 OSt
005 20220923211603.0
006 a|||||r|||| 00| 0
007 ta
008 220922b |||||||| |||| 00| 0 pan d
020 _a9789387276765 (hbk)
_c250
024 _a352,393
037 _b1182, 22/01/2020, H.K. Prakashan
_cTextual
040 _aARTS
_cARTS
_bpan
041 _2pan
_apan
082 _aO153:g, Q9
100 _aਕੈਰ, ਜਸਵੀਰ, ਂਚ.
245 0 _aਪੰਜਾਬੀ ਖੋਜ
_b ਪੰਜਾਬੀ ਕਾਵਿ ਅਤੇ ਵਾਰਤਕ
260 _aਪਟਿਆਲਾ
_b ਗ੍ਰੈFਿਅਸ
_c2019
300 _a196ਪ0
_ccm.
650 _aਪੰਜਾਬੀ ਸਾਹਿਤ
942 _hO153:g, Q9
_cTEXL
_2CC
999 _c301082
_d301082